| 000 | 00738pam a2200253 a 4500 | ||
|---|---|---|---|
| 008 | |||
| 020 | _a0080421245 (hbk.) | ||
| 049 | _aMAIN | ||
| 050 | 0 | 0 |
_aTN780 _bBIS |
| 100 | 1 | _aBiswas, A.K. | |
| 245 | 1 | 0 |
_aExtractive metallurgy of copper / _cA.K. Biswas and W.G. Davenport. |
| 250 | _a3rd ed. | ||
| 260 |
_aOxford, England : _bPergamon, _c1994. |
||
| 300 |
_axviii, 500 p. : _bill. (some col.), maps ; _c22 cm. |
||
| 504 | _aIncludes bibliographical references. | ||
| 500 | _aIncludes index. | ||
| 650 | 0 |
_aCopper _xMetallurgy. |
|
| 700 | 1 | _aDavenport, W.G. | |
| 907 |
_a.b10176275 _b13-02-13 _c21-09-05 |
||
| 003 | |||
| 005 | 20250225180849.0 | ||
| 040 | _cNUST | ||
| 942 |
_cBOOKS _01 |
||
| 999 |
_c160129 _d160129 |
||